Kdo je Bůh jako Ty? : kdo je Bůh jako Ty, který snímá nepravost, promíjí nevěrnost pozůstatku svého dědictví (Micheáš 7,18) : biblické a misijní spisy /

Hlavní autor: Koch, Bärbel
Jazyk: Čeština
Vydáno: Brno : Vlastimil Pospíšil, 2004
Vydání: 1. vyd.
Témata:
Fyzický popis: 142 s. ; 18 cm
Knihy
Uloženo v:
LEADER 01502nam a2200385 a 4500
001 000745225
003 CZ BrMZK
005 20041129082516.0
007 ta
008 041021s2004 xr er 000 0dcze d
015 |a cnb001316167 
020 |a 80-239-3034-6  |q (brož.) 
035 |a (OCoLC)85107769 
040 |a BOA001  |b cze 
041 1 |a cze  |h ger 
043 |a f------ 
072 7 |a 27  |x Křesťanství. Křesťanská církev všeobecně. Eklesiologie  |2 Konspekt  |9 5 
080 |a 27-4  |2 MRF 
080 |a 27-184.3  |2 MRF 
080 |a (6)  |2 MRF 
080 |a (049)  |2 MRF 
100 1 |a Koch, Bärbel  |7 mzk2004258435  |4 aut 
245 1 0 |a Kdo je Bůh jako Ty? :  |b kdo je Bůh jako Ty, který snímá nepravost, promíjí nevěrnost pozůstatku svého dědictví (Micheáš 7,18) : biblické a misijní spisy /  |c Bärbel Kochová ; [z německého originálu ... přeložila Helena Bimková] 
250 |a 1. vyd. 
260 |a Brno :  |b Vlastimil Pospíšil,  |c 2004 
300 |a 142 s. ;  |c 18 cm 
650 0 7 |a křesťanský život  |7 ph122132  |2 czenas 
650 0 7 |a křesťanská víra  |7 ph122113  |2 czenas 
655 7 |a pojednání  |7 fd133056  |2 czenas 
651 7 |a Afrika  |7 ge137148  |2 czenas 
765 0 |t Wo ist ein Gott wie du bist  |9 Česky 
910 |a BOA001  |b 1-1141.565 
990 |a BK 
996 6 |b 2610230909  |c 1-1141.565  |l MZK  |r Sklad / do 1 hodiny  |n 1  |p p.v.  |w 000745225  |u 000010  |a 1  |e BOA001  |j MZK50  |s P 
996 7 |b 2610230910  |c 1-1141.565  |l MZK  |r Sklad / do 1 hodiny  |n 0  |p p.v.  |w 000745225  |u 000020  |a 1  |e BOA001  |j MZK50  |s A